Las chicas de alambre
Zapisane w:
| 1. autor: | |
|---|---|
| Format: | Książka |
| Język: | hiszpański |
| Wydane: |
Santiago
Aguilar Chilena de Ediciones
2011
|
| Wydanie: | 10a. ed |
| Seria: | Serie Roja
|
| Hasła przedmiotowe: | |
| Etykiety: |
Dodaj etykietę
Nie ma etykietki, Dołącz pierwszą etykiete!
|
MARC
| LEADER | 00000cam a2200000 a 4500 | ||
|---|---|---|---|
| 001 | UCF9557 | ||
| 003 | CL-VaPUC | ||
| 008 | 131129e20110000cl |||||||||||||||||spa|d | ||
| 020 | |a 956239249X | ||
| 082 | 0 | 4 | |a 863 |b SIE |2 21 |
| 100 | 0 | |a Sierra i Fabra, Jordi |e author |9 571923 | |
| 245 | 1 | 4 | |a Las chicas de alambre |
| 250 | |a 10a. ed | ||
| 300 | |a 220 p | ||
| 942 | |c BK | ||
| 945 | |d 20131129 12:34:00 |a cmena | ||
| 260 | |a Santiago |b Aguilar Chilena de Ediciones |c 2011 | ||
| 650 | 0 | |a Novelas españolas |9 265052 | |
| 650 | 0 | |a Literatura española |9 306261 | |
| 583 | |a last modification |c 20131129 12:34:00 |k Rodrigo Vera | ||
| 490 | 0 | |a Serie Roja | |
| 999 | |c 354000 |d 353998 | ||